Central Library OPAC University of Rajshahi

The letters and diaries of John Henry Newman / (Record no. 23765)

MARC details
000 -LEADER
fixed length control field 03314nam a2200361 a 4500
001 - CONTROL NUMBER
control field 23765
003 - CONTROL NUMBER IDENTIFIER
rucl marc code BD-RjUL
005 - DATE AND TIME OF LATEST TRANSACTION
control field 20211209000953.0
008 - FIXED-LENGTH DATA ELEMENTS--GENERAL INFORMATION
fixed length control field 140311m1969enk 000 0 eng d
035 ## - SYSTEM CONTROL NUMBER
System control number (BD-RjUL)23830
040 ## - CATALOGING SOURCE
Original cataloging agency (BD-RjUL)23830
Language of cataloging eng
Transcribing agency BD-RjUL
Modifying agency BD-RjUL
041 ## - LANGUAGE CODE
Language code of text/sound track or separate title eng
082 ## - DEWEY DECIMAL CLASSIFICATION NUMBER
Classification number 826.23
Author mark and year NEL V-19 1969
090 ## - LOCALLY ASSIGNED LC-TYPE CALL NUMBER (OCLC); LOCAL CALL NUMBER (OCLC)
Classification number (OCLC) (R) ; Classification number, CALL (RLIN) (NR) BX4705.N5
Local cutter number (OCLC) ; Book number/undivided call number, CALL (RLIN) A4
100 1# - MAIN ENTRY--PERSONAL NAME
Personal name Newman, John Henry
Fuller form of name John Henry Newman,.
9 (RLIN) 73168
245 14 - TITLE STATEMENT
Title The letters and diaries of John Henry Newman /
Statement of responsibility, etc. edited at the Birmingham Oratory with notes and an introd. by Charles Stephen Dessain
Number of part/section of a work Vollume XIX.
Name of part/section of a work Consulting the Laity January 1859 to June 1860.
260 ## - PUBLICATION, DISTRIBUTION, ETC. (IMPRINT)
Place of publication, distribution, etc. London ;
-- New York :
Name of publisher, distributor, etc. T. Nelson,
Date of publication, distribution, etc. 1969.
300 ## - PHYSICAL DESCRIPTION
Pagination xvii, 594 p. :
Size 25 cm.
Illustrations ill. ;
500 ## - GENERAL NOTE
General note Some vols. edited by C. S. Dessain and others, 1963-77; by I. Ker and T. Gornall, 1978-80; by T. Gornall, 1981; by G. Tracey, 1984- by F. J. McGrath with the assistance of G. Tracey, 2006-
General note Imprint varies: 1978- Oxford : Clarendon Press 2006- Oxford : Oxford University Press.
General note Includes indexes
505 1# - FORMATTED CONTENTS NOTE
Formatted contents note v.1. Ealing, Trinity, Oriel, Feb. 1801-Dec. 1826 -- v. 2. Tutor of Oriel, Jan. 1827-Dec. 1831 -- v. 3. New bearings, Jan. 1832-June 1833 -- v.4. The Oxford Movement, July 1833-Dec. 1834 -- v. 5. Liberalism in Oxford, Jan. 1835-Dec. 1836 -- v. 6. The Via Media and Froude's Remains, Jan. 1837-Dec. 1838 -- v.7. Editing the British critic, January 1839-December 1840 -- v. 8. Tract 90 and the Jerusalem bishopric, January 1841-April 1842 -- v.9. Littlemore and the parting of friends May 1842-October 1843 -- v.10. The final step, 1 November 1843-6 October 1845 -- v.11. Littlemore to Rome, Oct. 1845-Dec. 1846 -- v.12. Rome to Birmingham, Jan. 1847-Dec. 1848 -- v.13. Birmingham and London, Jan. 1849-June 1850 -- v.14. Papal aggression, July 1850-Dec. 1851 -- v.15. The Achilli trial, Jan. 1852-Dec. 1853 -- v.16. Founding a university, Jan. 1854-Sept. 1855 -- v.17. Opposition in Dublin and London, 1855 to March 1857 -- v. 18. New beginnings in England, April 1857 to December 1858 -- v. 19. Consulting the Laity, January 1859 to June 1861 -- v. 20. Standing firm amid trials, July 1861 to December 1863 -- v. 21. The Apologia, January 1864 to June 1865 -- v. 22. Between Pusey and the Extremists, July 1865 to December 1866 -- v. 23. Defeat at Oxford. Defence at Rome, January to December 1867 -- v. 24. A Grammar of assent, January 1868 to December 1869 -- v. 25. The Vatican Council, January 1870 to December 1871 -- v. 26. Aftermaths, January 1872 to December 1873 -- v. 27. The controversy with Gladstone, January 1874 to December 1875 -- v. 28. Fellow of Trinity, January, 1876 -- v. 29. The Cardinalate, January 1879 to September 1881 -- v. 30. A cardinal's apostolate, October 1881 to December 1884 -- v. 31. The last years, January 1885 to August 1890 -- v. 32. Supplement.
600 10 - SUBJECT ADDED ENTRY--PERSONAL NAME
Personal name Newman, John Henry,
Dates associated with a name 1801-1890
Personal name Newman, John Henry,
Dates associated with a name 1801-1890
610 20 - SUBJECT ADDED ENTRY--CORPORATE NAME
Corporate name or jurisdiction name as entry element Catholic Church
700 1# - ADDED ENTRY--PERSONAL NAME
Personal name Dessain, Charles Stephen.
Personal name Ker, I. T.
Fuller form of name (Ian Turnbull)
Personal name Gornall, Thomas.
Personal name Tracey, Gerard,
Dates associated with a name 1954-
Personal name McGrath, Francis J.,
Dates associated with a name 1930-2003.
942 ## - ADDED ENTRY ELEMENTS (KOHA)
Source of classification or shelving scheme Dewey Decimal Classification
Koha item type Books
Holdings
Lost status Source of classification or shelving scheme Damaged status Not for loan Collection code Permanent Location Current Location Shelving location Date acquired Source of acquisition Total Checkouts Full call number Date last seen Copy number Koha item type
  Dewey Decimal Classification     Non-fiction Central Library, University of Rajshahi Central Library, University of Rajshahi   02/12/1969 Zeit   826.23 NEL V-19 1969 11/03/2014 C-2 Books